Normal view
MARC view
- Workshop Technology Part 3
Entry Topical Term
001 - CONTROL NUMBER
- control field: 69583
003 - CONTROL NUMBER IDENTIFIER
- control field: NUST
005 - DATE AND TIME OF LATEST TRANSACTION
- control field: 20210628204247.0
008 - FIXED-LENGTH DATA ELEMENTS
- fixed length control field: 210628|| aca||aabn | a|a d
040 ## - CATALOGING SOURCE
- Original cataloging agency: NUST
- Transcribing agency: NUST
150 ## - HEADING--TOPICAL TERM
- Topical term or geographic name entry element: Workshop Technology Part 3
670 ## - SOURCE DATA FOUND
- Source citation: Work cat.: (NUST): Chapman, W. A. J. 10212, Workshop technology, part 3, 1995
